000 00652nam a2200241Ia 4500
003 OSt
005 20221005120546.0
006 a|||||r|||| 00| 0
007 ta
008 221004b |||||||| |||| 00| 0 eng d
024 _a68726
037 _cTextual
040 _aCRL
_cCRL
_beng
041 _2eng
_aeng
082 _aX:9v23181:N6, K8
100 _aDholakia Jitendra L.
_9629336
245 0 _aEmployment, output and wages of the substitute labour
260 _c1968
650 _a ECONOMICS
650 _aPERSONNEL MANAGEMENT
942 _hX:9v23181:N6, K8
_cTEXL
_2cc
999 _c1038429
_d1038429